Rapport et projet de loi sur le patronage des jeunes détenus /
Saved in:
| Corporate Authors: | , |
|---|---|
| Other Authors: | |
| Format: | Book |
| Language: | French |
| Published: |
[France? :
s.n.,
1849]
|
| Series: | Goldsmiths'-Kress library of economic literature ;
no. 36479. Making of the Modern World. |
| Subjects: | |
| Tags: |
Add Tag
No Tags, Be the first to tag this record!
|
| LEADER | 01293cam a2200313Ia 4500 | ||
|---|---|---|---|
| 001 | 007338564-6 | ||
| 005 | 20070428112108.0 | ||
| 008 | 890724s1849 fr s 000 0 fre d | ||
| 035 | 0 | |a ocm20058641 | |
| 040 | |a DLM |c GKR | ||
| 043 | |a e-fr--- | ||
| 090 | |a HB161 |b .G64 no. 36479 | ||
| 110 | 1 | |a France. |b Commission de l'assistance publique. | |
| 245 | 1 | 0 | |a Rapport et projet de loi sur le patronage des jeunes détenus / |c présentés au nom de la Commission de l'assistance publique par M. Corne. |
| 260 | |a [France? : |b s.n., |c 1849] |e (Tours : |f Ladevèze) | ||
| 300 | |a 47 p. | ||
| 500 | |a Caption title. | ||
| 500 | |a At head of title: République française. Liberté, égalité, fraternité. Assemblée nationale législative. | ||
| 500 | |a "Séance du 14 décembre 1849." | ||
| 500 | |a "Loi sur l'éducation et le patronage des jeunes détenus": p. [41]-47. | ||
| 500 | |a Goldsmiths'-Kress no. 36479. | ||
| 650 | 0 | |a Juvenile delinquency |z France. | |
| 650 | 0 | |a Juvenile delinquents |x Rehabilitation |z France. | |
| 700 | 1 | |a Corne, Hyacinthe, |d 1802-1887. | |
| 710 | 1 | |a France. |b Assemblée nationale législative (1849-1851) | |
| 830 | 0 | |a Goldsmiths'-Kress library of economic literature ; |v no. 36479. |5 bak | |
| 830 | 0 | |a Making of the Modern World. |5 net | |
| 988 | |a 20020608 | ||
| 906 | |0 OCLC | ||


